Drawing a Blank VI Quiz Stats

 Plays Quiz Updated Oct 19, 2016

Also try: Drawing a Blank V
Challenge
Share
Tweet
Embed
Score 0/60 Timer 02:00
11 Plays Today
Hint Answer % Correct
????
100%
????
98.5%
????
98.4%
????
98.2%
????
97.8%
????
97.6%
????
97.4%
????
93.4%
????
88.1%
????
85.8%
????
85.4%
????
84.6%
????
82.2%
????
81.9%
????
81%
????
79.5%
????
78.8%
????
78.6%
????
75.5%
????
74.3%
????
72.1%
????
71.9%
????
70.7%
????
69.7%
????
69.4%
????
68.9%
????
65.4%
????
63.5%
????
56%
????
55.3%
Hint Answer % Correct
????
52.4%
????
52.1%
????
51.8%
????
46.4%
????
44%
????
43.7%
????
36.2%
????
35.1%
????
34.6%
????
33.7%
????
29.6%
????
28.7%
????
26.8%
????
26.1%
????
25.8%
????
20.6%
????
16.2%
????
15.8%
????
15.3%
????
13.1%
????
12.4%
????
11.9%
????
10.3%
????
10%
????
9.6%
????
9.1%
????
7.9%
????
6.2%
????
4.2%
????
3.9%

You're not logged in!

Compare scores with friends on all Sporcle quizzes.
OR
Log In

You Might Also Like...

Show Comments

Extras

Top Quizzes Today


Score Distribution

Your Account Isn't Verified!

In order to create a playlist on Sporcle, you need to verify the email address you used during registration. Go to your Sporcle Settings to finish the process.

Report this User

Report this user for behavior that violates our Community Guidelines.

Details: